000 01456nkm a2200301 i 4500
001 3489
003 ES-MaACL
005 20250713062732.0
007 khrbo
008 051104s1985 sp --- g |001||spa d
100 0 _aAlfonso,
_d1902-1990
_919858
245 1 3 _aLa autoría del director de escena
_b: la consecución del espéctaculo en relación con autor, actor, diseñador, técnicos, etc [
_hFotografía] /
_cAlfonso (sello).
260 _a[S.l. :
_bs.n.],
_c1985.
300 _a5 fot. :
_bb. y n. ;
_c12 x 18 cm.
490 1 _aCondición del director teatral en España
500 _aDatos basados en invitación.
511 0 _aIntervienen: Juan Antonio Hormigón, Francisco Nieva, Juan José Granda.
518 _aActo organizado por la Sección de Teatro del Ateneo de Madrid en colaboración con la Asociación de Directores de Escena, celebrado en la sala de conferencias el lunes, 17 de junio de 1985, a las 20:00 h.
600 1 4 _aHormigón, Juan Antonio.
_964204
600 1 4 _aNieva, Francisco.
_985727
610 2 4 _aAteneo de Madrid-
_xActos culturales-
_y1985-
_vFotografías.
_91900
710 2 _aAteneo de Madrid.
_bSección de Teatro.
_92010
710 2 _aAsociación de Directores de Escena.
_9159413
830 0 _aCondición del director teatral en España
_9176813
852 _aES-MaACL
_jFOT 53/1985
856 4 _uhttp://www.ateneodemadrid.net/biblioteca_digital/imagenes/1985/0053-1985.jpg
_zVer imagen
999 _c3489
_d3489